|
|
|
|
| LEADER |
00000naa2a2200000 4500 |
| 001 |
241819 |
| 005 |
20251217144759.0 |
| 035 |
|
|
|a (RuTPU)RU\TPU\book\263108
|
| 035 |
|
|
|a RU\TPU\book\263097
|
| 090 |
|
|
|a 241819
|
| 100 |
|
|
|a 20130820d2013 k y0rusy50 ca
|
| 101 |
0 |
|
|a rus
|
| 102 |
|
|
|a RU
|
| 135 |
|
|
|a drcn ---uucaa
|
| 181 |
|
0 |
|a i
|
| 182 |
|
0 |
|a b
|
| 200 |
1 |
|
|a Исследование взаимодействия арилдиазоний тетрафторборатных солей с фенилацетиленом меди в присутствии комплекса цинка
|f Н. В. Крахалева, М. А. Морозова
|g науч. рук. М. Е. Трусова
|
| 203 |
|
|
|a Текст
|c электронный
|
| 225 |
1 |
|
|a Химия и химическая технология органических веществ и материалов
|
| 300 |
|
|
|a Заглавие с титульного экрана
|
| 320 |
|
|
|a [Библиогр.: с. 150 (2 назв.)]
|
| 337 |
|
|
|a Adobe Reader
|
| 461 |
|
1 |
|0 (RuTPU)RU\TPU\book\259433
|t Химия и химическая технология в XXI веке
|o материалы XIV Всероссийской научно-практической конференции имени профессора Л.П. Кулёва студентов и молодых ученых с международным участием, Томск, 13-16 мая 2013 г
|o в 2 т.
|f Национальный исследовательский Томский политехнический университет (ТПУ); Институт природных ресурсов (ИПР) ; Институт физики высоких технологий (ИФВТ) ; Физико-технический институт (ФТИ)
|d 2013
|
| 463 |
|
1 |
|0 (RuTPU)RU\TPU\book\259435
|t Т. 1
|v [С. 149-150]
|d 2013
|
| 610 |
1 |
|
|a труды учёных ТПУ
|
| 610 |
1 |
|
|a электронный ресурс
|
| 610 |
1 |
|
|a ароматические соли
|
| 610 |
1 |
|
|a диазоний
|
| 610 |
1 |
|
|a арендиазониевые соли
|
| 610 |
1 |
|
|a фенилацетилен
|
| 610 |
1 |
|
|a цинк
|
| 700 |
|
1 |
|a Крахалева
|b Н. В.
|
| 701 |
|
1 |
|a Морозова
|b М. А.
|c химик-органик
|c инженер Томского политехнического университета
|f 1988-
|g Мария Александровна
|3 (RuTPU)RU\TPU\pers\29584
|
| 702 |
|
1 |
|a Трусова
|b М. Е.
|c химик-органик
|c ассистент Томского политехнического университета, кандидат химических наук
|f 1982-
|g Марина Евгеньевна
|4 727
|
| 712 |
0 |
2 |
|a Национальный исследовательский Томский политехнический университет (ТПУ)
|b Институт физики высоких технологий (ИФВТ)
|b Кафедра биотехнологии и органической химии (БИОХ)
|3 (RuTPU)RU\TPU\col\18693
|
| 801 |
|
2 |
|a RU
|b 63413507
|c 20160805
|g RCR
|
| 856 |
4 |
|
|u http://www.lib.tpu.ru/fulltext/c/2013/C27/V1/073.pdf
|
| 942 |
|
|
|c CF
|